Statistics for All Countries That Once Bordered Indonesia

Click here to take the quiz!

General Stats

  • This quiz has been taken 184 times
  • The average score is 5 of 6

Answer Stats

HintAnswer% Correct
1963-Malaysia
99%
1975, 2002-East Timor
96%
1975-Papua New Guinea
95%
1945-1963United Kingdom
83%
1969-1975Australia
76%
1945-1975Portugal
56%

Score Distribution

Percentile by Number Answered

Percent of People with Each Score

Your Score History

You have not taken this quiz